000 01171nam a2200181Ia 4500
008 151202s9999||||xx |||||||||||||| ||und||
082 _bPNVM-124808
100 _aरेगे डी डी ( चित्रकार )
245 _aसंतश्रेष्ठ गोविंद ( डॉ गोविंद रामचंद्र उपळेकर फलटण ) जीवनचरित्र
260 _bप पू गोविंदमहाराज उपळेकर समाधि मंदिर संस्था फलटण ( जि सातारा ) ४१५ ५२३
260 _c1974
300 _a126
600 _aरेगे डी डी ( चित्रकार )
630 _aसंतश्रेष्ठ गोविंद ( डॉ गोविंद रामचंद्र उपळेकर फलटण ) जीवनचरित्र
700 _aरेगे डी डी ( चित्रकार )
730 _aसंतश्रेष्ठ गोविंद ( डॉ गोविंद रामचंद्र उपळेकर फलटण ) जीवनचरित्र
942 _cBOOK
999 _c1354935
_d1354932